书目信息 |
| 题名: |
1453:君士坦丁堡之战
|
|
| 作者: | 克劳利 著 ;陆大鹏 译 | |
| 分册: | ||
| 出版信息: | 北京 社会科学文献出版社 2014.06 |
|
| 页数: | 392页 | |
| 开本: | 21cm | |
| 丛书名: | ||
| 单 册: | ||
| 中图分类: | K134 | |
| 科图分类: | ||
| 主题词: | 拜占庭帝国--战争史 | |
| 电子资源: | ||
| ISBN: | 978-7-5097-4512-0 | |
| 000 | 01078nam0 2200265 450 | |
| 001 | 006759964 | |
| 005 | 20251022212934.13 | |
| 010 | @a978-7-5097-4512-0@dCNY49.00 | |
| 100 | @a20140831d2014 em y0chiy0120 ea | |
| 101 | 1 | @achi@ceng |
| 102 | @aCN@b110000 | |
| 105 | @aa z 000yy | |
| 106 | @ar | |
| 200 | 1 | @a1453:君士坦丁堡之战@91453: jun shi tan ding bao zhi zhan@d1453: The holy war for Constantinople and the clash of Islam and the West@f(英)罗杰·克劳利(Roger Crowley)著@g陆大鹏译@zeng |
| 210 | @a北京@c社会科学文献出版社@d2014.06 | |
| 215 | @a392页@c图@d21cm | |
| 300 | @a地中海史诗三部曲 Ⅰ | |
| 330 | @a全书完整地再现了1453年围绕君士坦丁堡、被赋予了神圣意义的攻防战的战前双方准备、战争进程的展开,以及战争之后地中海世界的历史走向。 | |
| 510 | 1 | @a1453: The holy war for Constantinople and the clash of Islam and the West@zeng |
| 606 | 0 | @a拜占庭帝国@x战争史 |
| 690 | @aK134@v5 | |
| 701 | 0 | @c(英)@a克劳利@9ke lao li@c(Crowley, Roger)@4著 |
| 702 | 0 | @a陆大鹏@9lu da peng@4译 |
| 801 | 0 | @aCN@c20250910 |
| 905 | @a河南城建学院图书馆@dK134@eK633@ZK633@f3 | |
| 1453:君士坦丁堡之战=1453: The holy war for Constantinople and the clash of Islam and the West/(英)罗杰·克劳利(Roger Crowley)著/陆大鹏译.-北京:社会科学文献出版社,2014.06 |
| 392页:图;21cm |
| 地中海史诗三部曲 Ⅰ |
| ISBN 978-7-5097-4512-0:CNY49.00 |
| 全书完整地再现了1453年围绕君士坦丁堡、被赋予了神圣意义的攻防战的战前双方准备、战争进程的展开,以及战争之后地中海世界的历史走向。 |
| ● |
| 相关链接 |
|
|
|
正题名:1453:君士坦丁堡之战
索取号:K134/K633
 
预约/预借
| 序号 | 登录号 | 条形码 | 馆藏地/架位号 | 状态 | 备注 |
| 1 | 1637320 | 216373207 | 社科库309/309社科库 104排7列2层/ [索取号:K134/K633] | 在馆 | |
| 2 | 1637321 | 216373216 | 社科库309/309社科库 104排7列2层/ [索取号:K134/K633] |
已借出,限还日期为2026.09.24 借出人:吕海刚 |
|
| 3 | 1637322 | 216373225 | 社科库309/309社科库 104排7列2层/ [索取号:K134/K633] | 在馆 |